MDQL
is popping MORE tags! Check the
thread
!
Quizzes
Events
Quiz Creation
Community
Videos
Private Events
Remove Ads
Sign In
Join for FREE
Feedback
Dark Mode
Quiz Categories
Sports
Geography
Music
Movies
Television
Just For Fun
Miscellaneous
History
Literature
Language
Science
Gaming
Entertainment
Religion
Holiday
For Kids
Quiz Lab
Recent
Popular Today
Quiz Kudos Today
Editor Picks
Curator Picks
Quizzes by...
Day
Popularity
Type
Ratings
Length
Year
Community
Subscriptions
Recent Discussions
Orange Saloon
Badges
Playlists
Quests
Create
Leaderboards
Showdown
Live 5
Trivia Bingo
Activity
Puzzle Library
Sporcle Events
Private Events
Virtual Trivia
Globe League
Become a Host
Pub Owners
SporcleCon
Opinionation
Our Games
Videos
Blog
Mobile Apps
Partnerships
Remove Ads and Go Orange
Feedback
Sports
Athletes
MLB
NBA
NHL
NFL
Soccer
Sports Teams
WWE
NCAA
Football
Premier League
Basketball
Baseball
Hockey
Golf
Tennis
Cricket
Rugby
Auto Racing
Olympics
World Cup
Sports
Athletes
MLB
NBA
NHL
NFL
Soccer
Sports Teams
WWE
NCAA
Football
Premier League
Basketball
Baseball
Hockey
Golf
Tennis
Cricket
Rugby
Auto Racing
Olympics
World Cup
Random Quiz
Search Sporcle
×
Curator Pick
Curator Pick
Sports
NBA
Type in answers that appear in a list
Type in answers that appear in a list
Classic
Best Score? Go Orange.
NBA Finals MVPs Since 1969 Stats
Can you name the NBA Finals MVPs Since 1969?
By
midge114
8m
55 Questions
4,356 Plays
4,356 Plays
4,356 Plays
Comments
Comments
Give Quiz Kudos
Give Quiz Kudos
-
- Ratings
hide this ad
Replay
Link that replays current quiz
Next Quiz
Link to next quiz in quiz playlist
You Got
0%
They Got
Avg Score
70%
Avg Friend Score
Upgrade to see
Score Distribution
Jump to the score distribution portion of the page
Score
0/55
Timer
08:00
3
Plays Today
Player
% Correct
LeBron James
99%
LeBron James
98.9%
LeBron James
98.8%
LeBron James
98%
Michael Jordan
97.3%
Michael Jordan
97.3%
Michael Jordan
97.3%
Michael Jordan
97.3%
Michael Jordan
97.3%
Michael Jordan
97.3%
Kobe Bryant
96.6%
Kobe Bryant
96.6%
Stephen Curry
96.5%
Nikola Jokic
96%
Shaquille O'Neal
95.2%
Shaquille O'Neal
95.2%
Shaquille O'Neal
95.2%
Tim Duncan
94.1%
Tim Duncan
94.1%
Tim Duncan
94.1%
Magic Johnson
94%
Magic Johnson
94%
Magic Johnson
94%
Dennis Johnson
93.2%
Larry Bird
92.9%
Larry Bird
92.9%
Kevin Durant
92.9%
Kevin Durant
92.9%
Player
% Correct
Kawhi Leonard
92.4%
Dirk Nowitzki
91.7%
Hakeem Olajuwon
90.5%
Hakeem Olajuwon
90.5%
Dwyane Wade
89.3%
Giannis Antetokounmpo
88.9%
Kawhi Leonard
88.6%
Kareem Abdul-Jabbar
88.2%
Kareem Abdul-Jabbar
88.2%
Paul Pierce
87.9%
Tony Parker
86.6%
Andre Iguodala
86.5%
Chauncey Billups
84.1%
Isiah Thomas
83.5%
Jerry West
75.8%
Wilt Chamberlain
75.1%
Moses Malone
72.5%
Joe Dumars
71.4%
James Worthy
68.7%
John Havlicek
59.7%
Bill Walton
59.4%
Willis Reed
55.9%
Willis Reed
55.9%
Wes Unseld
47.3%
Rick Barry
43.9%
Cedric Maxwell
42.7%
Jo Jo White
34.8%
Quiz Playlist
Details
Report
Send in Message
Add To Playlist
Classic:
Type in answers that appear in a list
Last Updated: Sep 30, 2023
Curator Pick in
NBA
Quiz Scoreboard
CHALLENGE
Sign Up to Join the Scoreboard
Show All
Scores
Hide
Comments
May contain spoilers
Recently Published
1-10 Letter E Words III
by El_Dandy
Language
2m
Street Fighter Characters
by Artimus82
Gaming
60s
College Basketball Coaching Resumes
by pancakes188
Sports
9m
More to Explore
Quiz From the Vault
Featured Blog Post
Where Did the Easter Bunny Come From?
hide this ad
You Might Also Like...
Tags
Basketball Quiz
NBA Quiz
1969
final
MVP
NBA Finals
Today's Top Quizzes in Sports
Browse Sports
hide this ad
Today's Top Quizzes in NBA
Browse NBA
Top Contributed Quizzes in Sports
1
2022 World Cup Stars
2
Les meilleurs buteurs des matchs entre le PSG et l’OM
3
FIFA Club World Cup Champions
4
Les entraîneurs de l'OM et du PSG au 21e siècle
5
Criteria MLB: Left Handed Sluggers
6
2023 MLB Unique Player Accomplishments
7
AFC Teams Reveal (Wrong Answers Minefield)
8
Players with Multiple 50 Home Run Seasons
9
5-to-1: FBS Animal Nicknames
10
5-to-1: UK Sports Teams
Explore More
Trending Topics
NBA
Marvel
Crossword
Kpop
Anime
Harry Potter
Disney
Soccer
Song
NFL
WWE
The Office
Country
Pokémon
Puzzle
hide this ad
More By:
midge114
Quiz
Plays
Rating
Category
Featured
Created
NBA Finals MVPs Since 1969
4,356
4.00
Sports
Jul 8, 2012
Every NBA All Star Ever
501
3.86
Sports
Oct 4, 2023
Every NFL Touchdown Scorer of 2023
350
4.83
Sports
Jan 17, 2024
NBA Sixth Man Of The Year Since 1982
276
1.75
Sports
Jul 20, 2012
2023 NFL Receiving Yards Leaders
176
5.00
Sports
Jan 8, 2024
Go to Creator's Profile
Score Distribution
Quiz Creator Spotlight
midge114
Follow
Send a Message
Quizzes Created
-
Created Quiz Play Count
-
More By This Creator
Popular Quizzes Today
1
Find the US States - No Outlines Minefield
2
Find the Countries of Europe - No Outlines Minefield
3
The Countries of the World
4
Find the US States
5
Risky Map Clicking: Biggest States A-Z
6
US States
7
Popular People in 1961
8
Movies - When Are They Set?
More Sports Quizzes
Euro 2020 Winners - Italy
Quiz Lab
Trending Quizzes
Risky Map Clicking: Least Populous States A-Z
Billboard Blitz: Aretha Franklin
Famous Russians: Author or Composer?
Countries of the World: 200 Million BC
1-10 Letter G Words
Recently Updated
Leaping Animals
pecheneg
Reality TV Shows (A-Z)
bhenderson79
Rickey Henderson's Hall of Fame Teammates
pecheneg
Champions League XIs: Arsenal
pecheneg
Quick Pick: Celebrities in WWE's Hall of Fame
aduchscher
A-Z Keypad Blitz II
pecheneg
Multiple Oscar Actors
pecheneg
Mystery Phrase Blitz: Oscar 'Best Actors'
pecheneg
F. Scott Fitzgerald Novels
LTH
Pick 3 Villains
ddd62291
Trending Topics
Anime
Crossword
NBA
Disney
Marvel
Harry Potter
Kpop
NFL
Soccer
The Office
Country
Pokémon
Song
WWE
Puzzle
Your Account Isn't Verified!
In order to create a playlist on Sporcle, you need to verify the email address you used during registration. Go to your
Sporcle Settings
to finish the process.
Report this User
Report this user for behavior that violates our
Community Guidelines
.
Details:
Send Report
Go to the Sporcle.com Mobile Site →
Comments